000 00947cam a22002774a 4500
001 3032
005 20240131142000.0
020 _a0736904271
040 _aDLC
_cDLC
_dDLC
_beng
050 0 0 _aBV4551.G46
_b 2000
082 0 0 _a248.82
100 1 _aGeorge, Elizabeth
_d1944-
245 1 0 _aGod's wisdom for little girls /
_cElizabeth George ; paintings by Judy Luenebrink.
260 _aEugene, Oregon :
_bHarvest House Publishers ,
_c2000
300 _a42 unnumbered pages :
_bcolor illustrations ;
_c21 cm.
505 _aK
520 _aThe author interprets parts of the book of Proverbs for very young girls.
521 _a510
_bLexile
521 _aK
_bRaz-Plus
650 0 _aGirls
_xReligious life.
650 0 _aChristian life
_xBiblical teaching
_vJuvenile literature.
650 1 _aChristian life.
700 1 _aLuenebrink, Judy
_eillustrator
906 _a7
_bcbc
_corignew
_d1
_eocip
_f20
_gy-gencatlg
942 _2ddc
_cBK
_n0
999 _c3032
_d3032